000 02342nam0a2200409 4500
001 RU\NLR\BIBL_A\022093431
005 20231213161122.0
010 _a978-5-9704-8176-9
_91000
021 _aRU
_bКН-П-23-070116
_9КН-П-23-7109
035 _a(NLR Aleph) 022093431
090 _a12723881
_c12723881
100 _a20231211d2024 u y0rusy50 ca
101 1 _arus
_ceng
102 _aRU
105 _aa|||g|||001yy
181 0 _ai3
_baxxe
181 0 _ab2
_bxb2e
182 0 _an
200 1 _aАтлас хирургических операций Золлингера
_eболее 200 высокотехнологичных и традиционных операций, 2000 иллюстраций
_fЭдвин Кристофер Эллисон, Роберт М. Золлингер (мл.), Тимоти М. Павлик, Патрик С. Ваккаро
_gперевод с английского под редакцией академика РАН В. А. Кубышкина
203 _aТекст
_aИзображение
_bвизуальные
_cнепосредственные
205 _a2-е изд.
210 _aМосква
_cГэотар-медиа
_d2024 (печ. 2023)
215 _a719 с.
_cил., цв. ил.
_d35
300 _aЗагл. и авт. ориг.: Zollinger's atlas of surgical operations / E. Christopher Ellison, MD, FACS, MAMSE, Robert M. Zollinger, Jr. MD, FACS, Timothy M. Pawlik, MD, MPH, PhD, FACS, Patrick S. Vaccaro, MD, MBA, FACS
320 _aПредм. указ.: с. 714-719
454 0 _12001#$aZollinger's atlas of surgical operations$fE. Christopher Ellison, MD, FACS, MAMSE, Robert M. Zollinger, Jr. MD, FACS, Timothy M. Pawlik, MD, MPH, PhD, FACS, Patrick S. Vaccaro, MD, MBA, FACS
606 1 _aОперации (хирург.)
_jАтласы
_2nlr_sh1
_2nlr_sh2
_3RU\NLR\AUTH\6690901
686 1 _aР454я61
701 1 _aЭллисон
_bЭ. К.
_gЭдвин Кристофер
701 1 _aЗоллингер
_bР. М.
_cмл.
_f1934-
_gРоберт М.
_3RU\NLR\AUTH\7780361
701 1 _aПавлик
_bТ. М.
_gТимоти М.
701 1 _aВаккаро
_bП. С.
_gПатрик С.
702 1 _aКубышкин
_bВ. А.
_gВалерий Алексеевич
942 _cBOOK
980 _aNB